000 01240nam a2200337Ia 4500
001 ebr10091897
003 CaPaEBR
006 m u
007 cr cn|||||||||
008 050209s2005 ilu s 001 0 eng d
010 _z 2005003752
020 _z1572484764
040 _aCaPaEBR
_cCaPaEBR
035 _a(OCoLC)567935936
050 1 4 _aKF390.A96
_bD83 2005eb
082 0 4 _a349.73/024/8
_222
100 1 _aDuBoff, Leonard D.
245 1 4 _aThe law (in plain English) for writers
_h[electronic resource] /
_cby Leonard D. DuBoff and Bert P. Krages II.
250 _a4th ed.
260 _aNaperville, Ill. :
_bSphinx Pub.,
_c2005.
300 _axvi, 280 p.
500 _aIncludes index.
533 _aElectronic reproduction.
_bPalo Alto, Calif. :
_cebrary,
_d2009.
_nAvailable via World Wide Web.
_nAccess may be limited to ebrary affiliated libraries.
650 0 _aLaw
_zUnited States.
650 0 _aAuthors and publishers
_zUnited States.
650 0 _aPress law
_zUnited States.
655 7 _aElectronic books.
_2local
700 1 _aKrages, Bert P.
710 2 _aebrary, Inc.
856 4 0 _uhttp://site.ebrary.com/lib/rucke/Doc?id=10091897
_zAn electronic book accessible through the World Wide Web; click to view
999 _c71242
_d71242